Chemistry and biochemistry of amino acids, peptides and proteins. V 5 (Record no. 31397)

MARC details
000 -LEADER
fixed length control field 00321nam a2200109Ia 4500
082 ## - DEWEY DECIMAL CLASSIFICATION NUMBER
Classification number 577.112.382:54
Item number WEI
100 ## - MAIN ENTRY--AUTHOR NAME
Personal name Weinstein, Boris
245 #0 - TITLE STATEMENT
Title Chemistry and biochemistry of amino acids, peptides and proteins. V 5
260 ## - PUBLICATION, DISTRIBUTION, ETC. (IMPRINT)
Place of publication New York
Name of publisher Dekker
Year of publication 1971
942 ## - ADDED ENTRY ELEMENTS (KOHA)
Koha item type Books
Holdings
Withdrawn status Lost status Damaged status Not for loan Home library Current library Date acquired Cost, normal purchase price Full call number Accession Number Koha item type
        RRII Library RRII Library 16/12/2021 39.50 577.112.382:54 WEI 11942 Books